00303nam a22000977a 4500008004100000082001600041100002700057245006900084260003200153300002000185230629b xxu||||| |||| 00| 0 eng d a346.06bEAC cEast African Community aEast African communityb10th Meeting of the Council of Ministers aArusha, TanzaniabEACc2005 avarious panging